000 00429nam a2200169Ia 4500
008 230524s9999 xx 000 0 und d
020 _a9780070598973
082 _a5.1068
_bRAM
100 _aGopalaswamy Ramesh
_944446
245 0 _aManaging Global Software Projects
250 _a1
260 _aNew Delhi
_bMGH
_c2014
300 _a"xxi,366p;"
500 _aQuantity Number: 1
650 _aComputer science
942 _cBK
999 _c60017
_d60017